|
|
|
|
| LEADER |
00000nas1a2200000 4500 |
| 001 |
380423 |
| 005 |
20231102013129.0 |
| 011 |
|
|
|a 0017-2278
|
| 035 |
|
|
|a (RuTPU)RU\TPU\prd\1429
|
| 035 |
|
|
|a RU\TPU\prd\142
|
| 090 |
|
|
|a 380423
|
| 100 |
|
|
|a 20020214a18259999k y0rusy50 ca
|
| 101 |
0 |
|
|a rus
|
| 102 |
|
|
|a RU
|
| 110 |
|
|
|a afaz|||0uu0
|
| 200 |
1 |
|
|a Горный журнал
|e научно-технический и производственный журнал
|f Национальный исследовательский технологический университет "МИСиС"
|
| 210 |
|
|
|a Москва
|c Руда и металлы
|d 1825-2017, 2019-
|
| 305 |
|
|
|a Издается с 1825 г.
|
| 326 |
|
|
|a 12 номеров в год
|
| 469 |
|
|
|0 (RuTPU)RU\TPU\subscr\180
|
| 610 |
1 |
|
|a горное дело
|
| 610 |
1 |
|
|a горно-добывающая промышленность
|
| 610 |
1 |
|
|a горные машины
|
| 610 |
1 |
|
|a соляное дело
|
| 712 |
0 |
2 |
|a Национальный исследовательский технологический университет "МИСиС"
|c (Москва)
|c (2008- )
|2 stltpush
|3 (RuTPU)RU\TPU\col\17156
|9 26541
|
| 801 |
|
0 |
|a RU
|b 63413507
|c 20011210
|g PSBO
|
| 801 |
|
2 |
|a RU
|b 63413507
|c 20191004
|g PSBO
|
| 856 |
4 |
|
|u http://www.rudmet.ru/catalog/journals/1/
|
| 856 |
4 |
|
|u http://elibrary.ru/title_about.asp?id=7773
|
| 942 |
|
|
|c CR
|
| 969 |
|
|
|0 001RU\TPU\subscr\180
|